000 00713nam a2200289Ia 4500
005 20260324124911.0
008 008 260324s9999 xx 000 0 eng d
020 _a9781315589466
037 _aEBOOK
040 _aCRL
040 _beng
040 _cCRL
041 _2eng
041 _aeng
084 _qCRL
100 _aMyriam Simard; Birgit Jentsch
_91175933
245 0 _aInternational Migration and Rural Areas
245 0 _bCross-National Comparative Perspectives
260 _bTaylor and Francis
260 _c2009
365 _a
365 _b240
856 _uhttp://www.taylorfrancis.com/books/9781315589466
942 _cEBOOK
999 _c1770726
_d1770726